High frequency and microwave circuit design / (Record no. 175650)

000 -LEADER
fixed length control field 00937 a2200217 4500
003 - CONTROL NUMBER IDENTIFIER
control field Nust
005 - DATE AND TIME OF LATEST TRANSACTION
control field 20220812120818.0
010 ## - LIBRARY OF CONGRESS CONTROL NUMBER
LC control number 99040461
020 ## - INTERNATIONAL STANDARD BOOK NUMBER
International Standard Book Number 0849302498 (alk. paper)
035 ## - SYSTEM CONTROL NUMBER
System control number (DLC) 99040461
040 ## - CATALOGING SOURCE
Transcribing agency Nust
082 00 - DEWEY DECIMAL CLASSIFICATION NUMBER
Classification number 621.38132,NEL
100 1# - MAIN ENTRY--PERSONAL NAME
Personal name Nelson, Greg
9 (RLIN) 96981
245 10 - TITLE STATEMENT
Title High frequency and microwave circuit design /
Statement of responsibility, etc. Charles G. Nelson.
260 ## - PUBLICATION, DISTRIBUTION, ETC.
Place of publication, distribution, etc. Boca Raton, FL :
Name of publisher, distributor, etc. CRC Press,
Date of publication, distribution, etc. 1999.
300 ## - PHYSICAL DESCRIPTION
Extent 165 p. :
Other physical details ill. ;
Dimensions 24 cm.
505 ## - FORMATTED CONTENTS NOTE
Formatted contents note From Lumped to Distributed Parameters (Page-1), Impedance Matching Techniques (Page-37), Selective Circuits, Oscillators, and Receivers (Page-61), Modulation and Demodulation Circuitry (Page-81), Noise and Amplifier Noise Figure (Page-109), Antennas and Antenna Systems (Page-135)
650 #0 - SUBJECT ADDED ENTRY--TOPICAL TERM
Topical term or geographic name entry element Telecommunication Engineering.
856 42 - ELECTRONIC LOCATION AND ACCESS
Materials specified Publisher description
Uniform Resource Identifier <a href="http://www.loc.gov/catdir/enhancements/fy0744/99040461-d.html">http://www.loc.gov/catdir/enhancements/fy0744/99040461-d.html</a>
942 ## - ADDED ENTRY ELEMENTS (KOHA)
Koha item type Reference
Source of classification or shelving scheme
Holdings
Withdrawn status Lost status Source of classification or shelving scheme Damaged status Not for loan Permanent Location Current Location Shelving location Date acquired Full call number Barcode Date last seen Price effective from Koha item type Public note
          Military College of Signals (MCS) Military College of Signals (MCS) Reference 12/12/2016 621.38132,NEL MCS30784 12/08/2016 12/12/2016 Reference Almirah No.21, Shelf No.3
© 2023 Central Library, National University of Sciences and Technology. All Rights Reserved.